=LDR 00000nam 2200000 4500 =001 INLIS000000000018989 =005 20130612114113 =008 ***********************************Ind** =035 ##$$0010-061300000018989 =041 ##$$a Ind =082 ##$$a 342.068 =090 ##$$a 342.068, Per p =245 ##$$a Peraturan Pemerintah no.14 tahun 1994 tentang pendidikan dan pelatihan jabatan PP no. 15 thn 1994 tentang pengangkatan PNS dalam jabatan struktural PP no 16 Thn 1994 tentang jabatan fungsional PNS, K. Wantjik Salih =260 ##$$a 1994 $b Jakarta =300 ##$$a xiii, 75 hlm, 21 cm =650 ##$$a Peraturan pemerintah =850 ##$$a NBPNMAT